[Event "zonal 1.1"]
[Site "Escaldes AND"]
[Date "1998.11.10"]
[Round "5"]
[White "Hebden, Mark"]
[Black "Van den Doel, Erik"]
[Result "1-0"]
[WhiteElo "2590"]
[BlackElo "2480"]
[EventDate "1998.11.06"]
[PlyCount "113"]

1.d4 Nf6 2.Nf3 g6 3.Nc3 d5 4.Bf4 Bg7 5.e3 O-O 6.Be2 c6 7.h3 Qb6 8.Rb1 c5 
9.Nb5 Nc6 10.dxc5 Qxc5 11.Bg5 Bf5 12.Nfd4 Be4 13.O-O Rfc8 14.Nc3 Nb4 15.a3
Nc6 16.Nb3 Qb6 17.Bxf6 exf6 18.Nxd5 Qd8 19.Nc3 Qxd1 20.Bxd1 Bf5 21.Nb5 Rd8
22.N5d4 Nxd4 23.Nxd4 Be4 24.Bf3 f5 25.Bxe4 fxe4 26.c3 Rd5 27.Rfd1 Rad8 28.
Kf1 h5 29.Ke2 Rc8 30.Rd2 f5 31.Rbd1 Kf7 32.Ke1 Be5 33.Ne2 Rxd2 34.Rxd2 Ke6
35.Nd4+ Ke7 36.h4 a6 37.g3 Rc7 38.Kd1 Rc8 39.Kc2 Rc7 40.a4 b6 41.b4 Rc8 
42.Kb3 Rc7 43.b5 axb5 44.axb5 Bxd4 45.Rxd4 Ra7 46.Ra4 Rd7 47.Kc2 Rd5 48.c4
Rd6 49.Ra1 Rd8 50.Ra6 Rd6 51.Kc3 Kd7 52.Kb4 Kc8 53.c5 bxc5+ 54.Kxc5 Rd2 
55.Rxg6 Rxf2 56.Rg5 Rf3 57.Kc6 1-0